Statistics for US States by Flag

Click here to take the quiz!

General Stats

  • This quiz has been taken 99 times
  • The average score is 14 of 24

Answer Stats

Answer% Correct
California
99%
Oregon
86%
Washington
81%
North Dakota
76%
Idaho
74%
Maine
74%
Colorado
72%
Florida
72%
Alaska
69%
Virginia
68%
Nevada
59%
New Hampshire
59%
Vermont
58%
Arizona
56%
New Mexico
56%
Hawaii
53%
Ohio
53%
Maryland
49%
West Virginia
49%
Mississippi
32%
Georgia
31%
New York
24%
Massachusetts
23%
Michigan
23%

Score Distribution

Percentile by Number Answered

Percent of People with Each Score

Your Score History

You have not taken this quiz